Giáo trình hệ quản trị cơ sở dữ liệu
Sách giới thiệu về khái niệm cơ sở dữ liệu, ngôn ngữ SQL, các vấn đề liên quan đến việc lưu trữ dữ liệu, sơ ddồ điều khiển cạnh tranh
সংরক্ষণ করুন:
| প্রধান লেখক: | |
|---|---|
| বিন্যাস: | গ্রন্থ |
| ভাষা: | Undetermined |
| প্রকাশিত: |
Cần Thơ
Trường Đại học Cần Thơ
|
| বিষয়গুলি: | |
| ট্যাগগুলো: |
ট্যাগ যুক্ত করুন
কোনো ট্যাগ নেই, প্রথমজন হিসাবে ট্যাগ করুন!
|
| Thư viện lưu trữ: | Trung tâm Học liệu Trường Đại học Cần Thơ |
|---|
| LEADER | 00908nam a2200205Ia 4500 | ||
|---|---|---|---|
| 001 | CTU_144191 | ||
| 008 | 210402s9999 xx 000 0 und d | ||
| 082 | |a 005.74 | ||
| 082 | |b T305 | ||
| 100 | |a Phạm, Gia Tiến | ||
| 245 | 0 | |a Giáo trình hệ quản trị cơ sở dữ liệu | |
| 245 | 0 | |c Phạm Gia Tiến | |
| 260 | |a Cần Thơ | ||
| 260 | |b Trường Đại học Cần Thơ | ||
| 520 | |a Sách giới thiệu về khái niệm cơ sở dữ liệu, ngôn ngữ SQL, các vấn đề liên quan đến việc lưu trữ dữ liệu, sơ ddồ điều khiển cạnh tranh | ||
| 526 | |a Nguyên lý hệ quản trị cơ sở dữ liệu | ||
| 526 | |b CT237 | ||
| 650 | |a Database management,Quản trị cơ sở dữ liệu | ||
| 904 | |i Hoan | ||
| 980 | |a Trung tâm Học liệu Trường Đại học Cần Thơ | ||